000 00916 a2200193 4500
001 37983
005 20260407155645.0
008 260407a1975 arg spa d
003 AR-UNSa-BCEJYS
040 _aAR-UNSa-BCEJYS
_bspa
_cAR-UNSa-BCEJYS
080 _a658.012.32
_xFormas de organización, de gestión
245 1 0 _aGestión del negocio
264 1 _aBuenos Aires :
_bEdiciones Macchi
_c1975
300 _a202 p.
_c23 cm.
505 _a1. Formulación general del problema - 2. Determinación de objetivos - 3. Búsqueda de oportunidades de riesgo asumible - 4. Investigación - 5. Un modelo simplificado de comportamiento del consumidor - 6. Estrategia moderna de la gestión del negocio.Competencia por innovación - 7. Integración de programas específicos - 8. Generación del desarrollo - 9. Gestión superior
942 _cBK
590 _aniveau_biblio:m niveau_hierar:0
100 1 _aLevy, Alberto R.
999 _c2840
_d2840